000 00809nam a22002057a 4500
005 20240420111129.0
008 220504b ||||| |||| 00| 0 eng d
040 _cAL
041 _aKannada
082 _223
_a338.174K
_bVARA
100 _aVighneshwara Varmudy
_9161702
100 _933170
_d ವಿಘ್ನೇಶ್ವರ ವರ್ಮುಡಿ
245 _aAdike Marukatte:andu indu mundu
_bಅಡಿಕೆ ಮಾರುಕಟ್ಟೆ:ಅಂದು ಇಂದು ಮುಂದು
260 _aPuttur ಪುತ್ತೂರು
_bVarmudy prakashana ವರ್ಮುಡಿ ಪ್ರಕಾಶನ
_c2001
300 _axx,178 p.
_bPB
_c21x14 cm.
365 _c
_d₹75.00
650 _aAdikeya krishi ಅಡಿಕೆಯ ಕೃಷಿ
_933171
700 _aVARMUDY (Vighneshwara)
_933172
942 _2ddc
_cGF
999 _c222765
_d222765